Ultimate Geography Quiz Series - Level 8/10 - Statistics

General Stats
  • This quiz has been taken 28 times
  • The average score is 5 of 20
Answer Stats
Hint Answer % Correct
What French overseas collectivity has the country code top-level domain ".wf"? Wallis and Futuna
62%
Kisangani is located on the farthest navigable point of what major river? Congo River
46%
What island in the Bay of Bengal is home to the indigenous people in voluntary isolation? North Sentinel Island
42%
Edinburgh of the Seven Seas is located on what small island? Tristan da Cunha
42%
Until 2022, What was the currency of Croatia? Croatian Kuna
35%
Located near Zugspitze, what Bavarian ski town was the site of the 1936 Winter Olympics? Garmisch-Partenkirchen
27%
Located in the South-Eastern part of Ghana, what is the largest artificial reservoir in the world based on surface area? Lake Volta
27%
What mountain in Nunavut features Earth's greatest vertical drop? Mount Thor
27%
What is the second-largest city in Sierra Leone? Bo
23%
Tunguska event took place on what modern-day federal subject ("krai") in Siberia? Krasnoyarsk Krai
23%
Oeno is a coral atoll, part of what British overseas territory? Pitcairn Islands
23%
Altdorf is the capital of what canton? According to the legend, Wilhelm Tel was born in this canton. Canton of Uri
19%
The city of Lekki is located near what major city? Lagos
19%
What is the largest lake in Ethiopia? Lake Tana
19%
What Asian province consists of the highest commercial airport on Earth? Sichuan Province
12%
Painted wooden horses are the symbol of what province in the Nordics? Dalarna
8%
Homa Bay, located on the south shore of Winam Gulf, is a town in what country? Kenya
8%
The Bottom (formerly Botte) is the largest town on what island? Saba
8%
River Bann flows through Banbridge in what county in Northern Ireland, made famous from a traditional ballad? County Down
4%
Keokradang is a peak located in what district of Bangladesh? Bandarban District
0%
No matching quizzes found
Score Distribution
Percent of People with Each Score
Percentile by Number Answered
Your Score History
You have not taken this quiz